<?xml version="1.0" encoding="UTF-8" ?>
<collection xmlns="http://www.loc.gov/MARC21/slim"><record><leader>00875nam a2200217 nc4500</leader><controlfield tag="001">25918</controlfield><controlfield tag="003">CH-000273-5</controlfield><controlfield tag="005">20161223150617.0</controlfield><datafield tag="035" ind1=" " ind2=" "><subfield code="a">(OCoLC)906881977</subfield></datafield><datafield tag="041" ind1=" " ind2=" "><subfield code="a">ger</subfield></datafield><datafield tag="110" ind1="2" ind2="0"><subfield code="a">Labanschule </subfield><subfield code="g">Zürich</subfield></datafield><datafield tag="245" ind1="0" ind2="0"><subfield code="a">Erster Abend ritueller Vortragskunst</subfield><subfield code="b">Freitag den 7. Dezember, abends 8 Uhr, Seegartenstrasse No. 2, Parterre links : Programm Mary Wiegmann</subfield><subfield code="c">Labanschule</subfield><subfield code="h">Akzidenz</subfield></datafield><datafield tag="260" ind1=" " ind2=" "><subfield code="a">[Zürich]</subfield><subfield code="b">Labanschule</subfield><subfield code="c">[1917]12.07</subfield></datafield><datafield tag="300" ind1=" " ind2=" "><subfield code="a">1 Bl.</subfield><subfield code="c">14,5 x 22,4 cm</subfield></datafield><datafield tag="510" ind1="4" ind2="0"><subfield code="a">Dada global, 1994</subfield><subfield code="c">S. 275, Nr. 279</subfield></datafield><datafield tag="600" ind1="1" ind2="4"><subfield code="a">Wigman, Mary</subfield><subfield code="d">13.11.1886 - 18.09.1973</subfield></datafield><datafield tag="650" ind1="0" ind2="4"><subfield code="a">Veranstaltung</subfield><subfield code="x">Flugblatt</subfield></datafield><datafield tag="651" ind1="0" ind2="4"><subfield code="a">Zürich</subfield><subfield code="x">Kunsthaus Zürich</subfield><subfield code="x">Dadaismus</subfield><subfield code="x">Sammlung</subfield></datafield><datafield tag="651" ind1="0" ind2="4"><subfield code="x">Labanschule</subfield><subfield code="g">Zürich</subfield><subfield code="x">1917.12.07</subfield><subfield code="x">Veranstaltung</subfield></datafield><datafield tag="852" ind1="4" ind2="0"><subfield code="a">CH-000273-5</subfield><subfield code="c">DADA V:60</subfield></datafield><datafield tag="856" ind1="4" ind2="1"><subfield code="u">https://digital.kunsthaus.ch/viewer/image/25918/1/</subfield><subfield code="y">Kunsthaus Zürich Sammlungen online</subfield></datafield></record></collection>